Cây ăn quả đặc sản : Kỹ thuật trồng và chăm sóc
Giới thiệu kỹ thuật trồng và chăm sóc một số loại cây ăn quả như mít, cây na, cây xoài, cây hồng xiêm, cây đu đủ
Tallennettuna:
| Päätekijä: | |
|---|---|
| Aineistotyyppi: | Kirja |
| Kieli: | Undetermined |
| Julkaistu: |
Hà Nội
Thanh niên
2015
|
| Aiheet: | |
| Tagit: |
Lisää tagi
Ei tageja, Lisää ensimmäinen tagi!
|
| Thư viện lưu trữ: | Trung tâm Học liệu Trường Đại học Cần Thơ |
|---|
| LEADER | 00885nam a2200217Ia 4500 | ||
|---|---|---|---|
| 001 | CTU_215668 | ||
| 008 | 210402s9999 xx 000 0 und d | ||
| 020 | |c 32500 | ||
| 082 | |a 634 | ||
| 082 | |b Th528 | ||
| 100 | |a Trần, Thị Thanh Thuyết | ||
| 245 | 0 | |a Cây ăn quả đặc sản : | |
| 245 | 0 | |b Kỹ thuật trồng và chăm sóc | |
| 245 | 0 | |c Trần Thị Thanh Thuyết, Lê Thanh Bình, Bùi Tuấn Nhã | |
| 260 | |a Hà Nội | ||
| 260 | |b Thanh niên | ||
| 260 | |c 2015 | ||
| 520 | |a Giới thiệu kỹ thuật trồng và chăm sóc một số loại cây ăn quả như mít, cây na, cây xoài, cây hồng xiêm, cây đu đủ | ||
| 650 | |a Fruit trees,Tropical fruit,Cây ăn quả,Trái cây nhiệt đới | ||
| 904 | |i Nguyên | ||
| 980 | |a Trung tâm Học liệu Trường Đại học Cần Thơ | ||